[Event "SF Lieme 1 - Brühler SK 1"]
[Site "NRW-Klasse, Gruppe 1 2016/201"]
[Date "2017.03.26"]
[Round "8.7"]
[White "Spilles, Matthias"]
[Black "Schulte, Oliver"]
[Result "1-0"]
[WhiteElo "2174"]
[BlackElo "2038"]
[PlyCount "99"]
[EventDate "2017.??.??"]
[WhiteTeam "Brühler SK 1"]
[BlackTeam "SF Lieme 1"]

1. e4 c6 2. d4 d5 3. exd5 cxd5 4. c4 Nf6 5. Nc3 Nc6 6. Bg5 Be6 7. Be2 Qa5 8.
Bf3 Rd8 9. Bxf6 exf6 10. cxd5 Bxd5 11. Bxd5 Rxd5 12. Nf3 Be7 13. O-O Rd7 14.
Qe2 O-O 15. d5 Nb4 16. a3 Nxd5 17. Nxd5 Qxd5 18. Rad1 Qc6 19. Nd4 Qc7 20. Ne6
Qc6 21. Nxf8 Rxd1 22. Rxd1 Kxf8 23. Qd3 g6 24. Qd7 Qc2 25. Qd2 Qxd2 26. Rxd2
Ke8 27. Kf1 a5 28. Ke2 f5 29. Kd1 Bc5 30. Kc2 Ke7 31. Kb3 b6 32. Kc4 h5 33. Kb5
h4 34. b4 axb4 35. axb4 Bd6 36. Rxd6 Kxd6 37. Kxb6 f4 38. Ka6 Kc7 39. Kb5 g5
40. f3 g4 41. h3 g3 42. Kc5 Kb7 43. b5 Kc7 44. b6+ Kb7 45. Kb5 Kc8 46. Kc6 Kb8
47. Kd5 Kb7 48. Ke4 Kxb6 49. Kxf4 Kc5 50. Kg5 1-0

[Event "SF Lieme 1 - Brühler SK 1"]
[Site "NRW-Klasse, Gruppe 1 2016/201"]
[Date "2017.03.26"]
[Round "8.8"]
[White "Stukenbrok, Nils"]
[Black "Gramb, Marius"]
[Result "1/2-1/2"]
[WhiteElo "1969"]
[BlackElo "2057"]
[Annotator "Daniel"]
[PlyCount "153"]
[EventDate "2017.??.??"]
[WhiteTeam "SF Lieme 1"]
[BlackTeam "Brühler SK 1"]

1. d4 Nf6 2. c4 c5 3. d5 e6 4. Nc3 exd5 5. cxd5 d6 6. g3 g6 7. Bg2 Bg7 8. Nf3
O-O 9. O-O Re8 10. Nd2 a6 11. a4 Nbd7 12. h3 Rb8 13. Nc4 Ne5 14. Na3 Nh5 15. f4
Nxg3 16. fxe5 Bxe5 17. Bf4 Nxf1 18. Qxf1 f6 19. Nc4 b5 20. axb5 axb5 21. Nxe5
fxe5 22. Bh6 Rb7 23. Ne4 Rf7 24. Qe1 Qb6 25. Qa5 Qb8 $11 26. Qa8 Bf5 27. Qxb8
Rxb8 28. Nxd6 Rd7 29. Ra6 Bc2 30. h4 Bf5 31. Kf2 Rdd8 32. Ne4 Bxe4 33. Bxe4 Rd7
34. d6 Rbd8 35. Bd5+ Kh8 36. e4 Rxd6 37. Ra7 R6d7 38. Rxd7 Rxd7 39. Kf3 Rd6 40.
Kg4 Rf6 41. Bg5 h5+ 42. Kg3 Ra6 43. Kf3 Kg7 44. Ke3 Ra1 45. Be7 Rh1 46. b3 Rh3+
47. Kd2 Rh2+ 48. Kc3 Rh3+ 49. Kb2 Rh2+ 50. Kc3 Rh3+ 51. Kb2 Rh2+ 52. Ka3 Rc2
53. Be6 Rc3 54. Kb2 Re3 55. Bd5 c4 56. bxc4 bxc4 57. Bg5 c3+ 58. Kc2 Rg3 59.
Bc4 Kf8 60. Bd3 Kf7 61. Kxc3 Ke6 62. Kd2 Kd6 63. Bc4 Kc5 $11 64. Bf7 Kd4 65.
Bxg6 Rg2+ 66. Ke1 Ra2 67. Bxh5 Kxe4 68. Bd2 Ra1+ 69. Ke2 Kf5 70. Kf3 Ra3+ 71.
Be3 e4+ 72. Kf2 Ra1 73. Kg3 Ra3 74. Bg4+ Ke5 75. Kf2 Rxe3 76. Kxe3 Kf6 77. Kxe4
1/2-1/2

[Event "SF Lieme 1 - Bochumer SV 1"]
[Site "NRW-Klasse, Gruppe 1 2016/201"]
[Date "2017.03.05"]
[Round "7.1"]
[White "Zaitsev, Mikhail"]
[Black "Essing, Arnold"]
[Result "1-0"]
[WhiteElo "2463"]
[BlackElo "2186"]
[PlyCount "85"]
[EventDate "2017.??.??"]
[WhiteTeam "Bochumer SV 1"]
[BlackTeam "SF Lieme 1"]

1. e4 Nf6 2. e5 Nd5 3. d4 d6 4. c4 Nb6 5. exd6 cxd6 6. Nc3 g6 7. Be3 Bg7 8. Rc1
O-O 9. b3 e5 10. dxe5 dxe5 11. Qxd8 Rxd8 12. c5 N6d7 13. Nf3 Nc6 14. Bc4 h6 15.
Nb5 Nf8 16. Nd6 Rd7 17. Nd2 Re7 18. Nxc8 Rxc8 19. Ne4 Ne6 20. h4 Rcc7 21. h5 g5
22. f3 Kf8 23. Nd6 a6 24. Kf2 Ned4 25. g4 Red7 26. Rhe1 Rd8 27. Bd2 f5 28. Bc3
fxg4 29. fxg4 Ke7 30. Kg3 Rf8 31. Rf1 Rf4 32. Bd2 Nd8 33. Bxf4 gxf4+ 34. Kf2
Rxc5 35. Ne4 Ra5 36. a4 b5 37. Nc3 N8c6 38. axb5 axb5 39. Bxb5 Nxb5 40. Nxb5
Nb4 41. Rc7+ Kf8 42. Rd1 Bf6 43. Rdd7 1-0

[Event "SF Lieme 1 - Bochumer SV 1"]
[Site "NRW-Klasse, Gruppe 1 2016/201"]
[Date "2017.03.05"]
[Round "7.2"]
[White "Wittke, Rene"]
[Black "Illner, Achim"]
[Result "0-1"]
[WhiteElo "2192"]
[BlackElo "2445"]
[PlyCount "112"]
[EventDate "2017.??.??"]
[WhiteTeam "SF Lieme 1"]
[BlackTeam "Bochumer SV 1"]

1. e4 c5 2. d4 cxd4 3. c3 Nf6 4. e5 Nd5 5. Nf3 Nc6 6. Bc4 Nb6 7. Bb3 d5 8. exd6
Qxd6 9. O-O Be6 10. cxd4 Bxb3 11. Qxb3 e6 12. Nc3 Be7 13. d5 Nxd5 14. Rd1 Qb4
15. Nxd5 exd5 16. Rxd5 Qxb3 17. axb3 O-O 18. Bg5 f6 19. Be3 Rfd8 20. Rad1 Kf7
21. Kf1 Ke6 22. Rxd8 Rxd8 23. Rxd8 Bxd8 24. Nd4+ Nxd4 25. Bxd4 a6 26. Ke2 Kd5
27. Kd3 Be7 28. Kc3 a5 29. Kd3 Bc5 30. Bc3 Bxf2 31. Bxa5 Bd4 32. Bc3 Be5 33. h3
f5 34. Ke3 g6 35. Kf3 g5 36. Ke3 h5 37. Kd3 g4 38. Ke3 f4+ 39. Ke2 Ke4 40. hxg4
hxg4 41. Bb4 Bxb2 42. Be7 Bd4 43. Bf8 Be5 44. Be7 Bd4 45. Bf8 b6 46. b4 Kd5 47.
Bh6 Ke4 48. Bf8 Be5 49. Be7 Kd5 50. Kd3 Bd6 51. Bxd6 Kxd6 52. Ke4 f3 53. gxf3
gxf3 54. Kxf3 Kc6 55. Ke4 Kb5 56. Kd3 Kxb4 0-1

[Event "SF Lieme 1 - Bochumer SV 1"]
[Site "NRW-Klasse, Gruppe 1 2016/201"]
[Date "2017.03.05"]
[Round "7.3"]
[White "Schneider, Bernd"]
[Black "Himpenmacher, Andy"]
[Result "1/2-1/2"]
[WhiteElo "2322"]
[BlackElo "2173"]
[PlyCount "109"]
[EventDate "2017.??.??"]
[WhiteTeam "Bochumer SV 1"]
[BlackTeam "SF Lieme 1"]

1. d4 Nf6 2. g3 d5 3. Bg2 e6 4. Nf3 Be7 5. O-O b5 6. Ne5 O-O 7. a4 b4 8. Nd2 c5
9. c3 cxd4 10. cxd4 Ba6 11. Nb3 Nfd7 12. Nd3 Nc6 13. Be3 Qb6 14. Ndc5 Nxc5 15.
Nxc5 Rfd8 16. f4 Rac8 17. Nxa6 Qxa6 18. Rf3 Bf6 19. Bf2 Na5 20. g4 Qc6 21. f5
Qc2 22. fxe6 fxe6 23. h4 h6 24. Bh3 Rd6 25. Bg3 Rb6 26. e3 Qxb2 27. Qf1 b3 28.
Re1 Be7 29. g5 hxg5 30. Be5 Rf8 31. Rxf8+ Bxf8 32. Qf3 g4 33. Bxg4 Qc2 34. Rf1
Qg6 35. h5 Qe8 36. h6 Nc4 37. Bh5 Nxe5 38. dxe5 Qd8 39. Qf7+ Kh8 40. Qxf8+ Qxf8
41. Rxf8+ Kh7 42. hxg7 Kxg7 43. Rf1 Rb4 44. a5 Re4 45. Kf2 Rxe5 46. Bf3 d4 47.
exd4 Rxa5 48. Ke3 Rb5 49. Be2 Rb4 50. Ba6 Rb6 51. Bc4 a5 52. Kd3 a4 53. Kc3 b2
54. Ba2 a3 55. Kc2 1/2-1/2

[Event "SF Lieme 1 - Bochumer SV 1"]
[Site "NRW-Klasse, Gruppe 1 2016/201"]
[Date "2017.03.05"]
[Round "7.4"]
[White "Schaffarczyk, Andre"]
[Black "Heinbuch, Detlef Ulrich"]
[Result "1/2-1/2"]
[WhiteElo "2095"]
[BlackElo "2247"]
[PlyCount "49"]
[EventDate "2017.??.??"]
[WhiteTeam "SF Lieme 1"]
[BlackTeam "Bochumer SV 1"]

1. e4 c5 2. Nf3 Nc6 3. d4 cxd4 4. Nxd4 Nf6 5. Nc3 d6 6. Bg5 e6 7. Qd2 a6 8.
O-O-O Bd7 9. f4 h6 10. Bh4 g5 11. fxg5 Ng4 12. Be2 Nge5 13. Nf3 Be7 14. Bg3
hxg5 15. Rhf1 Qa5 16. Nxe5 Nxe5 17. Qe3 f6 18. Rd4 Rc8 19. Qd2 Qc5 20. Kb1 b5
21. Nd1 Nc6 22. Rd3 Ne5 23. Rd4 Nc6 24. Rd3 Ne5 25. Rd4 1/2-1/2

[Event "SF Lieme 1 - Bochumer SV 1"]
[Site "NRW-Klasse, Gruppe 1 2016/201"]
[Date "2017.03.05"]
[Round "7.5"]
[White "Wolter, Detlev"]
[Black "Stork, Holger"]
[Result "1/2-1/2"]
[WhiteElo "2203"]
[BlackElo "2092"]
[PlyCount "40"]
[EventDate "2017.??.??"]
[WhiteTeam "Bochumer SV 1"]
[BlackTeam "SF Lieme 1"]

1. d4 Nf6 2. c4 e6 3. Nc3 Bb4 4. e3 O-O 5. Bd3 d5 6. a3 Bxc3+ 7. bxc3 dxc4 8.
Bxc4 c5 9. Nf3 Qc7 10. Ba2 b6 11. O-O Bb7 12. Ne5 Nbd7 13. Nxd7 Qxd7 14. Qe2
Rac8 15. Bb2 cxd4 16. cxd4 Bd5 17. Bxd5 Qxd5 18. Rfc1 Qb7 19. f3 Rxc1+ 20. Rxc1
Rc8 1/2-1/2

[Event "SF Lieme 1 - Bochumer SV 1"]
[Site "NRW-Klasse, Gruppe 1 2016/201"]
[Date "2017.03.05"]
[Round "7.6"]
[White "Niermann, Tristan"]
[Black "Kiese, Matthias"]
[Result "1-0"]
[WhiteElo "2131"]
[BlackElo "2167"]
[PlyCount "79"]
[EventDate "2017.??.??"]
[WhiteTeam "SF Lieme 1"]
[BlackTeam "Bochumer SV 1"]

1. d4 d5 2. c4 e6 3. Nf3 Nf6 4. g3 Be7 5. Bg2 O-O 6. O-O dxc4 7. Qc2 a6 8. a4
Bd7 9. Qxc4 Bc6 10. Bf4 a5 11. Nc3 Na6 12. Rfe1 Bxf3 13. Bxf3 c6 14. e4 Nb4 15.
Rad1 Qb6 16. Qe2 Rfe8 17. Bg5 h6 18. Bxf6 Bxf6 19. e5 Be7 20. Be4 Rad8 21. Qg4
Rd7 22. Ne2 Red8 23. Nf4 c5 24. Nh5 g5 25. h4 Rxd4 26. hxg5 hxg5 27. Nf6+ Kf8
28. Qxg5 Bxf6 29. exf6 Qd6 30. Qg7+ Ke8 31. Rxd4 cxd4 32. Bg6 Qf8 33. Rxe6+ Kd7
34. Bxf7 Qc5 35. Re7+ Kd6 36. Qh6 Qf5 37. Qh4 Kc5 38. Rxb7 Qb1+ 39. Kg2 Nd3 40.
Qg5+ 1-0

[Event "SF Lieme 1 - Bochumer SV 1"]
[Site "NRW-Klasse, Gruppe 1 2016/201"]
[Date "2017.03.05"]
[Round "7.7"]
[White "Pewny, Uwe"]
[Black "Schulte, Oliver"]
[Result "0-1"]
[WhiteElo "2204"]
[BlackElo "2038"]
[PlyCount "114"]
[EventDate "2017.??.??"]
[WhiteTeam "Bochumer SV 1"]
[BlackTeam "SF Lieme 1"]

1. Nf3 Nf6 2. c4 d6 3. Nc3 c6 4. g3 e5 5. Bg2 Be7 6. Qc2 Nbd7 7. d4 Qc7 8. O-O
O-O 9. b3 Re8 10. Bb2 Bf8 11. e3 Qa5 12. Rfd1 e4 13. Nd2 d5 14. cxd5 cxd5 15.
a3 Re6 16. b4 Qd8 17. Qb3 Nb8 18. b5 Re8 19. h3 Be6 20. a4 a5 21. bxa6 bxa6 22.
Ba3 Nc6 23. Bxf8 Na5 24. Qa2 Rxf8 25. Ne2 Qd7 26. Kh2 Rab8 27. Rdc1 Nc6 28. Nb3
Nb4 29. Qd2 Qd6 30. Nc5 Nd7 31. a5 Nxc5 32. dxc5 Qc7 33. Nd4 Nd3 34. Rc2 Ne5
35. c6 h5 36. Qe2 h4 37. Qh5 hxg3+ 38. fxg3 Nd3 39. Qg5 Rb4 40. h4 Ne5 41. Rf1
Ng4+ 42. Kg1 Qxg3 43. Qf4 Qxf4 44. Rxf4 Bc8 45. Rxg4 Bxg4 46. c7 Rb7 47. Bf1
Ra7 48. Rc6 Rc8 49. Bxa6 Rcxc7 50. Rb6 Rc5 51. Bb5 Rxa5 52. Kf2 Rc1 53. Kg3
Rg1+ 54. Kf4 f6 55. Rb8+ Kh7 56. Rd8 Rxb5 57. Nxb5 Be6 0-1

[Event "SF Lieme 1 - Bochumer SV 1"]
[Site "NRW-Klasse, Gruppe 1 2016/201"]
[Date "2017.03.05"]
[Round "7.8"]
[White "Stukenbrok, Nils"]
[Black "Jellinghaus, Lars"]
[Result "0-1"]
[WhiteElo "1969"]
[BlackElo "2087"]
[Annotator "Daniel"]
[PlyCount "76"]
[EventDate "2017.??.??"]
[WhiteTeam "SF Lieme 1"]
[BlackTeam "Bochumer SV 1"]

1. d4 e6 2. c4 d5 3. Nc3 Be7 4. Nf3 Nf6 5. cxd5 exd5 6. Bg5 c6 7. Qc2 g6 8. e3
Bf5 9. Bd3 Bxd3 10. Qxd3 O-O 11. O-O Nbd7 12. h3 Re8 13. Rfe1 Kg7 14. Bf4 Ne4
15. Ne5 Nxe5 16. Bxe5+ f6 17. Bh2 Bd6 18. f3 Bxh2+ 19. Kxh2 Nd6 20. e4 dxe4 21.
fxe4 Nf7 22. Rad1 Qd6+ 23. Qg3 Rad8 24. Qxd6 Rxd6 25. b4 Red8 26. d5 Ne5 27.
Kg3 Kf7 28. Kf2 Ke7 29. Ke2 h5 30. dxc6 bxc6 31. Rxd6 Rxd6 32. Rd1 $11 Rxd1 33.
Nxd1 h4 34. Ke3 g5 35. Kd4 Kd6 36. Ne3 Ng6 37. Ng4 Nf4 38. Nxf6 Nxg2 {ZÃo} 0-1

[Event "SVG Plettenberg 1 - SK Münster 1"]
[Site "NRW-Klasse, Gruppe 1 2016/201"]
[Date "2017.03.05"]
[Round "7.2"]
[White "Haub, Thorsten Michael"]
[Black "Holtel, Jasper"]
[Result "1/2-1/2"]
[WhiteElo "2384"]
[BlackElo "2226"]
[Annotator "Daniel"]
[PlyCount "69"]
[EventDate "2017.??.??"]
[WhiteTeam "SVG Plettenberg 1"]
[BlackTeam "SK Münster 1"]

1. g3 Nf6 2. Bg2 d5 3. d3 g6 4. Nd2 Bg7 5. Ngf3 O-O 6. e4 c5 7. O-O Nc6 8. c3
e5 9. exd5 Nxd5 10. Nc4 Re8 11. Ng5 f6 12. Ne4 Bf8 13. Qb3 Kg7 14. a4 Nb6 15.
Be3 Nxc4 16. dxc4 Na5 17. Qc2 Qc7 18. Bxc5 Bxc5 19. Nxc5 Qxc5 20. b4 Qxc4 21.
bxa5 Qa6 22. Rab1 Qxa5 23. Bxb7 Rb8 24. Rb5 Qc7 25. Bxc8 Rxb5 26. axb5 Rxc8 27.
Rd1 Qxc3 28. Rd7+ Kh6 29. Qxc3 Rxc3 30. Rxa7 Rb3 31. Rb7 Kg5 $11 32. Kg2 h5 33.
h4+ Kf5 34. Rb8 e4 35. Rb6 1/2-1/2

[Event "SVG Plettenberg 1 - SK Münster 1"]
[Site "NRW-Klasse, Gruppe 1 2016/201"]
[Date "2017.03.05"]
[Round "7.3"]
[White "Wolter, Kai"]
[Black "Klip, Hans"]
[Result "1-0"]
[WhiteElo "2197"]
[BlackElo "2311"]
[PlyCount "93"]
[EventDate "2017.??.??"]
[WhiteTeam "SK Münster 1"]
[BlackTeam "SVG Plettenberg 1"]

1. e4 e5 2. Nf3 Nc6 3. Bc4 Nf6 4. d3 Bc5 5. c3 a6 6. a4 Ba7 7. O-O d6 8. Nbd2
O-O 9. h3 h6 10. Re1 Nh5 11. Nf1 Qf6 12. Be3 Nf4 13. Ng3 g6 14. d4 Ne7 15. Nh2
h5 16. Qd2 Be6 17. Bf1 g5 18. Nxh5 Qg6 19. Ng3 f6 20. Be2 Nxe2+ 21. Qxe2 Kf7
22. Ng4 Rh8 23. dxe5 dxe5 24. Bxa7 Rxa7 25. Rad1 Raa8 26. Qf3 Kg7 27. Ne3 Qf7
28. a5 c6 29. Rd6 Rad8 30. Red1 Rxd6 31. Rxd6 Nc8 32. Nef5+ Kg6 33. Rd8 Kh7 34.
Rxh8+ Kxh8 35. Qd3 Qc7 36. b4 Kh7 37. Qd1 Bf7 38. h4 Bg6 39. hxg5 fxg5 40. Qg4
Qd8 41. Qh3+ Kg8 42. Qh6 Bxf5 43. Nxf5 Qd7 44. Qxg5+ Kf8 45. Qf6+ Kg8 46. Nh6+
Kh7 47. Qf7+ 1-0

[Event "SVG Plettenberg 1 - SK Münster 1"]
[Site "NRW-Klasse, Gruppe 1 2016/201"]
[Date "2017.03.05"]
[Round "7.4"]
[White "Schulze, Marc"]
[Black "Chilla, Jan Eric"]
[Result "1/2-1/2"]
[WhiteElo "2134"]
[BlackElo "2197"]
[PlyCount "41"]
[EventDate "2017.??.??"]
[WhiteTeam "SVG Plettenberg 1"]
[BlackTeam "SK Münster 1"]

1. e4 e5 2. Nf3 Nc6 3. Bb5 a6 4. Ba4 Nf6 5. O-O Be7 6. Re1 b5 7. Bb3 O-O 8. d4
Nxd4 9. Nxd4 exd4 10. e5 Ne8 11. Qxd4 c5 12. Qe4 Nc7 13. c4 bxc4 14. Bc2 g6 15.
Nc3 d5 16. exd6 Bxd6 17. Qxc4 Be6 18. Qa4 Bd7 19. Qc4 Be6 20. Qa4 Bd7 21. Qc4
1/2-1/2

[Event "SVG Plettenberg 1 - SK Münster 1"]
[Site "NRW-Klasse, Gruppe 1 2016/201"]
[Date "2017.03.05"]
[Round "7.5"]
[White "Kamp, Christoph"]
[Black "Bouaraba, Max"]
[Result "1-0"]
[WhiteElo "2168"]
[BlackElo "2185"]
[PlyCount "89"]
[EventDate "2017.??.??"]
[WhiteTeam "SK Münster 1"]
[BlackTeam "SVG Plettenberg 1"]

1. c4 e6 2. Nc3 d5 3. d4 c6 4. e4 dxe4 5. Nxe4 Bb4+ 6. Bd2 Bxd2+ 7. Qxd2 Nf6 8.
Nxf6+ Qxf6 9. Nf3 O-O 10. Bd3 c5 11. dxc5 Na6 12. O-O Nxc5 13. Bc2 Rd8 14. Qe2
a5 15. Rfd1 Bd7 16. Qe5 Qxe5 17. Nxe5 Be8 18. f4 f6 19. Nf3 Bh5 20. Kf2 e5 21.
fxe5 fxe5 22. Rxd8+ Rxd8 23. Re1 Bxf3 24. Kxf3 Rd2 25. Rxe5 Rxc2 26. Rxc5 Rxb2
27. Rxa5 Rc2 28. c5 Kf7 29. Rb5 Kf8 30. h3 Rxa2 31. Rxb7 Rc2 32. Rc7 h5 33. h4
Rc4 34. g3 Rg4 35. Rd7 Rc4 36. Rd5 g6 37. Rg5 Kf7 38. Ke3 Kf6 39. Kd3 Rc1 40.
Kd4 Rc2 41. Kd5 Rc3 42. c6 Re3 43. Kd6 Rd3+ 44. Rd5 Rxg3 45. c7 1-0

[Event "SVG Plettenberg 1 - SK Münster 1"]
[Site "NRW-Klasse, Gruppe 1 2016/201"]
[Date "2017.03.05"]
[Round "7.6"]
[White "Pieper, Dawid"]
[Black "Bolwerk, Peter"]
[Result "1/2-1/2"]
[WhiteElo "2157"]
[BlackElo "2159"]
[PlyCount "122"]
[EventDate "2017.??.??"]
[WhiteTeam "SVG Plettenberg 1"]
[BlackTeam "SK Münster 1"]

1. e4 c5 2. Nf3 e6 3. d3 Nc6 4. g3 g6 5. Bg5 Qc7 6. Bg2 Bg7 7. c3 Nge7 8. O-O
O-O 9. Na3 a6 10. Nc2 e5 11. d4 d6 12. Bxe7 Qxe7 13. dxe5 dxe5 14. Ne3 Be6 15.
Nd5 Qd8 16. Qd2 f6 17. Rad1 b6 18. Qe3 Qb8 19. Rd2 Qa7 20. Rfd1 Nd8 21. Bf1 Kh8
22. a4 Rb8 23. b4 Nc6 24. b5 axb5 25. axb5 Na5 26. Ra2 Qb7 27. c4 Rbe8 28. Rda1
Bxd5 29. cxd5 Qd7 30. Nd2 f5 31. Nc4 Nxc4 32. Bxc4 fxe4 33. Qxe4 Qd6 34. Ra7
Re7 35. f3 Bf6 36. Kg2 Ref7 37. Rxf7 Rxf7 38. Ra6 Kg7 39. h4 Bd8 40. Ra8 Bc7
41. Re8 Re7 42. Ra8 Rf7 43. Bd3 Qf6 44. h5 Qg5 45. hxg6 hxg6 46. Re8 Qd2+ 47.
Qe2 Qxe2+ 48. Bxe2 Rf8 49. Re6 Rf6 50. Rc6 Rxc6 51. bxc6 Kf6 52. Kf2 Ke7 53.
Ke3 Kd6 54. Ke4 Bd8 55. Bc4 Bf6 56. Kd3 Bd8 57. Ke4 Bf6 58. f4 exf4 59. gxf4
Bd8 60. Ba6 Bc7 61. Bc4 Bd8 1/2-1/2

[Event "SVG Plettenberg 1 - SK Münster 1"]
[Site "NRW-Klasse, Gruppe 1 2016/201"]
[Date "2017.03.05"]
[Round "7.7"]
[White "Rott, Georg"]
[Black "Jansen, Dirk Norbert"]
[Result "1-0"]
[WhiteElo "2041"]
[BlackElo "2155"]
[PlyCount "45"]
[EventDate "2017.??.??"]
[WhiteTeam "SK Münster 1"]
[BlackTeam "SVG Plettenberg 1"]

1. e4 e6 2. d4 d5 3. Nd2 c5 4. Ngf3 cxd4 5. exd5 Qxd5 6. Bc4 Qd6 7. O-O Nf6 8.
Nb3 Nc6 9. Nbxd4 Nxd4 10. Nxd4 a6 11. Re1 Qc7 12. Bb3 Bd6 13. h3 O-O 14. Bg5
Nd7 15. Bxe6 fxe6 16. Nxe6 Qc6 17. Nxf8 Nxf8 18. Be7 Bxe7 19. Rxe7 Ng6 20. Qd8+
Nf8 21. Re8 Qf6 22. Rd1 Bg4 23. hxg4 1-0

[Event "SVG Plettenberg 1 - SK Münster 1"]
[Site "NRW-Klasse, Gruppe 1 2016/201"]
[Date "2017.03.05"]
[Round "7.8"]
[White "Sebe, Florian"]
[Black "Van Der Weide, Karel"]
[Result "1/2-1/2"]
[WhiteElo "2320"]
[BlackElo "2355"]
[Annotator "Daniel"]
[PlyCount "119"]
[EventDate "2017.??.??"]
[WhiteTeam "SVG Plettenberg 1"]
[BlackTeam "SK Münster 1"]

1. e4 c5 2. Nf3 d6 3. d4 cxd4 4. Qxd4 Nf6 5. Nc3 e5 6. Bb5+ Nbd7 7. Qd3 h6 8.
O-O Be7 9. a4 O-O 10. h3 Qc7 11. Bxd7 Bxd7 12. b3 Rac8 13. Bb2 Rfd8 14. Rfd1
Be6 15. Qe3 Qc5 16. Qe1 d5 17. exd5 Nxd5 18. Nxd5 Rxd5 19. Rxd5 Qxd5 20. Rd1
Qc6 21. Bxe5 Qxc2 22. Nd4 Qg6 23. Nxe6 Qxe6 24. Bd4 $11 Qxb3 25. a5 Bb4 26. Rb1
Bxe1 27. Rxb3 Rc7 28. Rb5 a6 29. Re5 Bb4 30. g3 f6 31. Rd5 Kf7 32. Bb6 Ke6 33.
Rd8 Rd7 34. Rc8 Bd6 35. Kg2 Be5 36. Kf3 Bd4 37. Bxd4 Rxd4 38. Ke3 Rd5 39. Rc7
Rd7 40. Rc8 Kd6 41. Kd4 Rc7 42. Rd8+ Kc6 43. Kc4 Re7 44. Rc8+ Kd7 45. Rg8 Kd6
46. Rd8+ Kc7 47. Rg8 b5+ 48. axb6+ Kxb6 49. Kd5 Rb7 50. f4 Kb5 51. g4 a5 52.
Kd4 Kb4 53. Kd3 Kb3 54. Kd2 Kb2 55. Ra8 Rd7+ 56. Ke3 Rd5 57. Ra7 Rb5 58. Kd2
Rd5+ 59. Ke3 Rb5 60. Kd2 1/2-1/2

[Event "Bielefelder SK 1 - SF Katernberg 2"]
[Site "NRW-Klasse, Gruppe 1 2016/201"]
[Date "2017.03.05"]
[Round "7.1"]
[White "Rosen, Bernd"]
[Black "Forchert, Martin"]
[Result "1/2-1/2"]
[WhiteElo "2238"]
[BlackElo "2262"]
[PlyCount "32"]
[EventDate "2017.??.??"]
[WhiteTeam "SF Katernberg 2"]
[BlackTeam "Bielefelder SK 1"]

1. Nf3 d5 2. g3 Bg4 3. Ne5 Bf5 4. c4 Nd7 5. Nf3 c6 6. cxd5 cxd5 7. Nc3 e6 8.
Bg2 Ngf6 9. O-O Be7 10. d3 O-O 11. Bf4 a6 12. Qd2 Bg6 13. Rac1 Rc8 14. Rfd1 Qb6
15. Na4 Qb5 16. Nc3 Qb6 1/2-1/2

[Event "Bielefelder SK 1 - SF Katernberg 2"]
[Site "NRW-Klasse, Gruppe 1 2016/201"]
[Date "2017.03.05"]
[Round "7.2"]
[White "Gruen, Gerd-Peter"]
[Black "Bee, Marcus"]
[Result "1/2-1/2"]
[WhiteElo "2214"]
[BlackElo "2116"]
[Annotator "Daniel"]
[PlyCount "112"]
[EventDate "2017.??.??"]
[WhiteTeam "Bielefelder SK 1"]
[BlackTeam "SF Katernberg 2"]

1. d4 d6 2. g3 e5 3. dxe5 dxe5 4. Qxd8+ Kxd8 5. Nc3 Be6 6. f4 Nd7 7. Nf3 f6 8.
fxe5 Nxe5 9. Bf4 Ng6 10. O-O-O+ Kc8 11. Nd4 Bd7 12. Ndb5 Nxf4 13. gxf4 Nh6 14.
Bg2 c6 15. Nd6+ Bxd6 16. Rxd6 Kc7 17. Rd3 Rad8 $11 18. Rg1 Be6 19. Bf3 Rxd3 20.
cxd3 Rg8 21. e4 c5 22. Kd2 g6 23. Rc1 Rd8 24. Ke3 Kb8 25. a3 Ng8 26. b4 cxb4
27. axb4 f5 28. Nb5 fxe4 29. dxe4 Ne7 30. Nd4 Rc8 31. Rxc8+ Bxc8 32. Nb5 Nc6
33. Nd6 Nxb4 34. f5 Nc2+ 35. Kf4 gxf5 36. exf5 Nd4 37. f6 Ne6+ 38. Ke5 Bd7 39.
Bxb7 Kc7 40. Be4 Nf8 41. Nc4 Be6 42. Na3 Kd7 43. Nb5 a5 44. Nd4 Bc4 45. Bf5+
Ke8 46. Bc2 Kf7 47. Ba4 Ng6+ 48. Kf5 Bd3+ 49. Kg5 h6+ 50. Kxh6 Kxf6 51. Nc6 Ne5
52. Nxe5 Kxe5 53. h4 Kf4 54. Bd1 Bf5 55. h5 a4 56. Bxa4 Bg4 1/2-1/2

[Event "Bielefelder SK 1 - SF Katernberg 2"]
[Site "NRW-Klasse, Gruppe 1 2016/201"]
[Date "2017.03.05"]
[Round "7.3"]
[White "Gassmann, Volker"]
[Black "Kruse, Herbert"]
[Result "0-1"]
[WhiteElo "2084"]
[BlackElo "2145"]
[PlyCount "42"]
[EventDate "2017.??.??"]
[WhiteTeam "SF Katernberg 2"]
[BlackTeam "Bielefelder SK 1"]

1. Nf3 c5 2. c4 Nc6 3. Nc3 Nf6 4. e3 e6 5. Be2 d5 6. cxd5 exd5 7. d4 Be6 8. O-O
Rc8 9. b3 cxd4 10. Nxd4 Nxd4 11. Qxd4 Bc5 12. Qa4+ Kf8 13. Bb2 h5 14. Rad1 Ng4
15. g3 Nxe3 16. fxe3 Bxe3+ 17. Kg2 h4 18. Rf3 Qg5 19. Rxe3 Qxe3 20. Rd3 Bh3+
21. Kh1 Qf2 0-1

[Event "Bielefelder SK 1 - SF Katernberg 2"]
[Site "NRW-Klasse, Gruppe 1 2016/201"]
[Date "2017.03.05"]
[Round "7.4"]
[White "Goeßling, Guido"]
[Black "Villwock, Martin"]
[Result "1-0"]
[WhiteElo "2075"]
[BlackElo "2083"]
[PlyCount "113"]
[EventDate "2017.??.??"]
[WhiteTeam "Bielefelder SK 1"]
[BlackTeam "SF Katernberg 2"]

1. e4 c5 2. Nf3 Nc6 3. d4 cxd4 4. Nxd4 Nf6 5. Nc3 e5 6. Ndb5 d6 7. Bg5 a6 8.
Na3 b5 9. Nd5 Be7 10. Nxe7 Nxe7 11. Bd3 Bb7 12. Qe2 Nd7 13. b4 f6 14. Bd2 O-O
15. c4 bxc4 16. Nxc4 Nb6 17. Na5 Qd7 18. O-O Nc6 19. Nxb7 Qxb7 20. Be3 Ne7 21.
Qg4 Kh8 22. Qe6 f5 23. Qxd6 Rf6 24. Qxe5 Ng6 25. Qd4 f4 26. e5 Nxe5 27. Qxe5
fxe3 28. fxe3 Nd7 29. Qd4 Re8 30. a3 Qc6 31. Rac1 Rxf1+ 32. Rxf1 Nf6 33. e4 Qc7
34. h3 Rd8 35. Qc4 Qg3 36. Rf3 Qe5 37. Qxa6 Nxe4 38. Bxe4 Qxe4 39. Qd6 Qe8 40.
Qf4 h6 41. Kh2 Qe1 42. Rf1 Qe2 43. Rc1 Qd3 44. a4 Rd4 45. Qf8+ Kh7 46. Rc7 Qg6
47. Rc8 Qe6 48. Re8 Qd7 49. Qg8+ Kg6 50. Qe6+ Qxe6 51. Rxe6+ Kf5 52. Rb6 Ke5
53. a5 Kd5 54. Kg3 Kc4 55. a6 Rd3+ 56. Kf4 Ra3 57. Ke5 1-0

[Event "Bielefelder SK 1 - SF Katernberg 2"]
[Site "NRW-Klasse, Gruppe 1 2016/201"]
[Date "2017.03.05"]
[Round "7.5"]
[White "Imcke, Patrick"]
[Black "Klatt, Jan"]
[Result "1/2-1/2"]
[WhiteElo "2066"]
[BlackElo "2065"]
[PlyCount "61"]
[EventDate "2017.??.??"]
[WhiteTeam "SF Katernberg 2"]
[BlackTeam "Bielefelder SK 1"]

1. e4 g6 2. d4 Bg7 3. Nc3 d6 4. Be3 a6 5. a4 Nc6 6. Bc4 e5 7. Nge2 Nf6 8. f3
exd4 9. Nxd4 O-O 10. O-O Re8 11. Qd2 Nxd4 12. Bxd4 Be6 13. Nd5 Nxd5 14. exd5
Bd7 15. a5 Qh4 16. Bxg7 Kxg7 17. Qc3+ Qf6 18. Qb3 Qd4+ 19. Kh1 Rab8 20. Rfd1
Qf6 21. c3 Qh4 22. Bf1 Re5 23. Qc4 Qxc4 24. Bxc4 Rbe8 25. Bf1 g5 26. Rd4 Re1
27. Rxe1 Rxe1 28. Kg1 Ra1 29. Rb4 Bb5 30. c4 Ra4 31. Rxa4 1/2-1/2

[Event "Bielefelder SK 1 - SF Katernberg 2"]
[Site "NRW-Klasse, Gruppe 1 2016/201"]
[Date "2017.03.05"]
[Round "7.6"]
[White "Gruettemeier, Uwe"]
[Black "Kueppers, Timo"]
[Result "0-1"]
[WhiteElo "2003"]
[BlackElo "2044"]
[PlyCount "118"]
[EventDate "2017.??.??"]
[WhiteTeam "Bielefelder SK 1"]
[BlackTeam "SF Katernberg 2"]

1. d4 Nf6 2. Nf3 e6 3. c4 Bb4+ 4. Bd2 Qe7 5. g3 Nc6 6. Bg2 Bxd2+ 7. Nbxd2 d6 8.
O-O a5 9. Rc1 O-O 10. Nb1 e5 11. d5 Nb8 12. Nc3 Bd7 13. a3 Na6 14. Qc2 c6 15.
dxc6 bxc6 16. Na4 Rfd8 17. Nb6 Rab8 18. Nxd7 Rxd7 19. Rfd1 Nc5 20. b4 axb4 21.
axb4 Rxb4 22. Rb1 Rxb1 23. Rxb1 Rb7 24. Ra1 Rb8 25. Nd2 e4 26. Nf1 g6 27. Qa2
Qe5 28. Ne3 Kg7 29. Rb1 Rxb1+ 30. Qxb1 d5 31. cxd5 cxd5 32. Nc2 Qc3 33. Qd1 Nb3
34. e3 h5 35. Nd4 Nxd4 36. Qxd4 Qxd4 37. exd4 Ne8 38. f3 Nd6 39. Kf2 f5 40. Ke3
Nc4+ 41. Kf4 Kf6 42. h4 Nd2 43. fxe4 dxe4 44. Ke3 Nc4+ 45. Kf4 Nb6 46. Ke3 Nd5+
47. Kf2 Nb4 48. Bf1 Nc2 49. d5 Nb4 50. Bc4 Ke5 51. d6 Kxd6 52. Ke3 Ke5 53. Bf7
Nd3 54. Ke2 f4 55. gxf4+ Nxf4+ 56. Kf2 Kd4 57. Be8 e3+ 58. Kf3 e2 59. Kf2 Kd3
0-1